000 00330nam a2200145Ia 4500
008 230718s9999 xx 000 0 und d
041 _aEng.
082 _a577.32
_bQUA-T
100 _aQuammer David
245 4 _aThe Song of the Dado
260 _aPakistan
_bMichael Grac
_c1996
300 _a702
650 _aLaw
999 _c26166
_d26166